Mujercitas / (Record no. 100506)

MARC details
000 -CABECERA
campo de control de longitud fija 00654nam a2200205 a 4500
005 - FECHA Y HORA DE LA ÚLTIMA TRANSACCIÓN
campo de control 20240806064032.0
008 - ELEMENTOS DE LONGITUD FIJA--INFORMACIÓN GENERAL
campo de control de longitud fija 030902m19771989mx r 000 0 spa d
035 ## - NÚMERO DE CONTROL DEL SISTEMA
Número de control de sistema UPN01000128327
049 ## - COLECCIÓN
Colección CG
050 #4 - SIGNATURA TOPOGRÁFICA DE LA BIBLIOTECA DEL CONGRESO
Número de clasificación PS1017 A4
Número de documento/Ítem M8
100 1# - ASIENTO PRINCIPAL--NOMBRE PERSONAL
Nombre de persona Alcott, Louisa May,
Fechas asociadas al nombre 1832-1888
9 (RLIN) 30509
245 10 - MENCIÓN DE TÍTULO
Título Mujercitas /
Mención de responsabilidad, etc. Louisa Alcott May ; tr. Verónica Tello ; il. Arnoldo Federico.
260 ## - PUBLICACIÓN, DISTRIBUCIÓN, ETC.
Lugar de publicación, distribución, etc. México :
Nombre del editor, distribuidor, etc. Concepto,
Fecha de publicación, distribución, etc. 1977 (1989 imp.).
300 ## - DESCRIPCIÓN FÍSICA
Extensión 239 p.
534 ## - NOTA SOBRE LA VERSIÓN ORIGINAL
Frase introductoria Traducción de:
Mención de título del original Little women
650 #4 - ASIENTO SECUNDARIO DE MATERIA - TERMINO TEMATICO
Término de materia o nombre geográfico como elemento de entrada Literatura estadounidense
9 (RLIN) 5229
650 #0 - ASIENTO SECUNDARIO DE MATERIA - TERMINO TEMATICO
Término de materia o nombre geográfico como elemento de entrada Valores en la literatura
9 (RLIN) 12441
650 #4 - ASIENTO SECUNDARIO DE MATERIA - TERMINO TEMATICO
Término de materia o nombre geográfico como elemento de entrada Relaciones de familia
9 (RLIN) 6077
905 ## - TIPO DE MATERIAL
Tipo de material Libro
Holdings
Estado de retiro Estado de pérdida Fuente del sistema de clasificación o colocación Estado dañado No para préstamo Código de colección Localización permanente Ubicación/localización actual Ubicación en estantería Fecha de adquisición Total de préstamos Clasificación Código de barras Fecha visto por última vez Fecha del último préstamo Número de copia Tipo de ítem Koha
    Library of Congress Classification     Colección General Bib. Gregorio Torres Quintero Bib. Gregorio Torres Quintero Planta baja 18/10/2023 15 PS1017 A4 M8 197886 01/11/2023 18/10/2023 1 Libro